Jessie - Statistics

General Stats
  • This quiz has been taken 275 times
  • The average score is 6 of 8
Answer Stats
Hint Answer % Correct
Who likes texting on their phone at least 4 hours a day emma
98%
Name the nanny luke likes jessie
98%
Who likes their dolls? zuri
95%
Name the child that thinks he's from krypton luke
94%
Who's the giant asian water monitor's owner ravi
89%
Name the lazy butler bertram
63%
Name the giant lizard mr.kippling
15%
Name the parents of the kids christina and morgan ross
14%
No matching quizzes found
Score Distribution
Percent of People with Each Score
Percentile by Number Answered
Your Score History
You have not taken this quiz